U.S. states that border the Atlantic Ocean - Statistics

General Stats
  • This quiz has been taken 25 times
  • The average score is 13 of 14
Answer Stats
States % Correct
Florida
100%
Maine
100%
Maryland
100%
Massachusetts
100%
New Jersey
100%
New York
100%
North Carolina
100%
South Carolina
100%
Connecticut
95%
Rhode Island
95%
Virginia
95%
Georgia
90%
Delaware
86%
New Hampshire
86%
No matching quizzes found
Score Distribution
Percent of People with Each Score
Percentile by Number Answered
Your Score History
You have not taken this quiz